Návrh ekonomického a organizačního vymezení ZPoK a ZPK a návrh soustavy ukazatelů pro hodnocení zemědělsko-průmyslového komplexu
Salvato in:
| Autore principale: | |
|---|---|
| Natura: | Libro |
| Lingua: | ceco |
| Pubblicazione: |
Ostrava
Výzkumný ústav soc. ekonomických informaci
1983
|
| Serie: | Výzkumná práce
č. 98 |
| Tags: |
Nessun Tag, puoi essere il primo ad aggiungerne!!
|
MARC
| LEADER | 00000nam a2200000 4500 | ||
|---|---|---|---|
| 001 | c114424 | ||
| 005 | 20041019155158.5 | ||
| 041 | 0 | |a cze | |
| 044 | |a CZ | ||
| 245 | 1 | 0 | |a Návrh ekonomického a organizačního vymezení ZPoK a ZPK a návrh soustavy ukazatelů pro hodnocení zemědělsko-průmyslového komplexu |c Václav Houška |
| 264 | 1 | |a Ostrava |b Výzkumný ústav soc. ekonomických informaci |c 1983 | |
| 300 | |a 165 s. | ||
| 490 | 1 | |a Výzkumná práce |v č. 98 | |
| 830 | 0 | |a Výzkumná práce |v č. 98 | |
| 100 | 1 | |a Houška, Václav | |